000 00719nam 22002293 4500
001 199414
021 _aPT
_b10 898/86
090 _a199414
100 _a20251205d u||y0pory50 ba
101 _apor
102 _aPT
200 _aConstituições de Diversos Países
_fJorge Miranda (Organização, Tradução e Nota Prévia)
205 _a
210 _aLisboa
_cImprensa Nacional-Casa da Moeda
_d1986
215 _a456, [6] p.
_cBrochado
_d21 cm
300 _aDireito Constitucional
606 _912209
_aCiências Sociais.
_xDireito Administrativo
675 _a342.4/MIR/CON
_vPT
_zpor
702 _912237
_aMiranda
_bJorge
801 _aPT
_bBMMN
_gRPC
830 _cCarlos Pinto
_d05-12-2025
_fCarlos Pinto
990 _cLIVROS